Výsledky bezpečnosti práce

Podrobná bibliografia
Hlavný autor: Michalik, Július (Author)
Médium: Článok
Jazyk:Slovak
Témy:
Zdroj: 1. Cigliansky baník 1. , č. 4(1999), s. 3
LEADER 00713nab#a2200277#ar4500
001 000024513
003 SVKKK
005 00000000000000.0
008 c xo e sloo
FMT
038 |a SVKKK 
040 |a SVKKK  |b slo  |e AACR2 
041 0 |a slo 
044 |a xo  |c SK 
080 |a 622.8  |2 1981 
100 1 |a Michalik, Július  |4 aut 
245 1 0 |a Výsledky bezpečnosti práce  |c Michalik Július, 
650 0 4 |a Hornonitrianske bane, a.s., Prievidza  |z úrazovosť pracovná  |x r. 1998  |x hodnotenie  |x prehľady 
773 0 |t Cigliansky baník  |g , č. 4(1999), s. 3 
957 |a Prievidza 
958 |a PD 
974 |d 990719  |a Čr 
992 |a RBX 
BAS
852 |a SVKKK  |b BIB 
998 |a BAN